000 01503nam a22003857a 4500
003 CHAP
005 20220329143436.0
008 090903s2009 mx r 00010 spa d
010 _a96679
011 _a97651
035 _a108321
040 _cCHAP
090 _aTesis
100 1 _aRodríguez Hernández, Angel.
_998579
245 1 3 _aLa transformación de la microcuenca los baños que abastece de agua a Zacatlán, Puebla
_c/por Angel Rodríguez Hernández
260 _aChapingo, Méx. :
_bEl autor,
_c2009
300 _aix, 81 h. :
_bcuadros, ilus. , mapas
502 _aTesis (Ing. en Recursos Naturales Renovables) -- UACH. Departamento de Suelos
530 _aTambién disponible en línea
590 _aALEPH
_b10
_c20130110
_lUCH01
_h1530
590 _aBATCH-UPD
_b10
_c20130110
_lUCH01
_h1624
590 _aBATCH-UPD
_b10
_c20130410
_lUCH01
_h1018
590 _aBATCH-UPD
_b10
_c20130914
_lUCH01
_h1113
590 _aBATCH-UPD
_b10
_c20140324
_lUCH01
_h1512
590 _aBATCH-UPD
_b10
_c20141002
_lUCH01
_h0840
590 _aCONVERSION
_b10
_c20130109
_lUCH01
_h1353
650 1 4 _aAgua
_xAbastecimiento
_xPuebla.
_92259
650 1 4 _aCuencas hidrológicas.
_930092
650 1 4 _aMedio ambiente
_xContaminación.
_974069
856 _3Finding aid
_uhttp://10.13.5.2/tesis/108321.pdf
_zTeclea aqui
901 _aBK
942 _cFOLL
949 _aTesis
_bBC
_cTES
_d33724002106545
_eTS1
_gDonaciØn
_h49488
_i108321
_sb
949 _aTesis
_bBC
_cTES
_d33724002107231
_eTS2
_fc.2
_gDonaciØn
_h49489
_i108321
_sb
999 _c96679
_d96679